Lead, zinc, and silver deposits at Bowser Creek, (Record no. 30539)

MARC details
000 -LEADER
fixed length control field 00867cam a2200253 4500
001 - CONTROL NUMBER
control field gs 68000338
003 - CONTROL NUMBER IDENTIFIER
control field DLC
005 - DATE AND TIME OF LATEST TRANSACTION
control field 20260227111423.0
008 - FIXED-LENGTH DATA ELEMENTS--GENERAL INFORMATION
fixed length control field 691016s1968 dcuab 00010 eng c
010 ## - LIBRARY OF CONGRESS CONTROL NUMBER
LC control number gs 68000338 //r892
040 ## - CATALOGING SOURCE
Original cataloging agency U.S. Geological Survey Library
Modifying agency DLC
043 ## - GEOGRAPHIC AREA CODE
Geographic area code n-us-ak
050 0# - LIBRARY OF CONGRESS CALL NUMBER
Classification number QE75
Item number .C5 no. 559
051 ## - LIBRARY OF CONGRESS COPY, ISSUE, OFFPRINT STATEMENT
Classification number TN24.A4
Item number R43
Copy information Copy 2.
082 ## - DEWEY DECIMAL CLASSIFICATION NUMBER
Classification number 553/.4/097986
100 10 - MAIN ENTRY--PERSONAL NAME
Personal name Reed, Bruce L.,
Dates associated with a name 1934-
245 10 - TITLE STATEMENT
Title Lead, zinc, and silver deposits at Bowser Creek,
Remainder of title McGrath A-2 quadrangle, Alaska,
Statement of responsibility, etc. by Bruce L. Reed and Raymond L. Elliott.
260 0# - PUBLICATION, DISTRIBUTION, ETC.
Place of publication, distribution, etc. Washington,
Date of publication, distribution, etc. 1968.
300 ## - PHYSICAL DESCRIPTION
Extent iii, 17 p.
Other physical details illus., maps.
Dimensions 26 cm.
490 1# - SERIES STATEMENT
Series statement Geological Survey circular 559
650 #0 - SUBJECT ADDED ENTRY--TOPICAL TERM
Topical term or geographic name entry element Ore deposits
Geographic subdivision Alaska
-- Farewell region.
700 10 - ADDED ENTRY--PERSONAL NAME
Personal name Elliott, Raymond L.,
Dates associated with a name 1935-
Relator term joint author.
830 #0 - SERIES ADDED ENTRY--UNIFORM TITLE
Uniform title Geological Survey circular ;
Volume/sequential designation 559.

No items available.

Powered by Koha